The helpful ant
| Main Author: | |
|---|---|
| Format: | Book |
| Published: |
Petaling Jaya :
Pustaka Murni ,
1995
|
| Series: | Kancil Readers
|
| Subjects: |
MARC
| LEADER | 00000cam a2200000 7i4500 | ||
|---|---|---|---|
| 001 | 0000008466 | ||
| 002 | 000009226 | ||
| 005 | 20000330.0 | ||
| 020 | |a 9839678884 | ||
| 090 | 0 | 0 | |a JF |b VEL |
| 100 | 1 | |a Vellu, K | |
| 245 | 1 | 4 | |a The helpful ant |c K.Vellu |
| 260 | |a Petaling Jaya : |b Pustaka Murni , |c 1995 | ||
| 300 | |a 22p. : |b ill ; |c 17cm. | ||
| 490 | 0 | |a Kancil Readers | |
| 650 | 0 | 0 | |a Children's stories, Malay |
| 999 | |a 040703 |b BUKU |c PINJAMAN |e PERPUSTAKAAN KOMUNITI PETALING JAYA | ||